000 00572nam a2200193Ia 4500
005 20250508160828.0
008 008 250505s9999 xx 000 0 eng d
037 _aTextual
040 _aFEDL
_beng
_cFEDL
041 _aeng
_2eng
084 _a915.4, CHA
_qFEDL
100 _aChak B L
_9769476
245 0 _aAndaman and Nicobar Islands
245 0 _cGovernment of India. Ministry of Information and Broadcasting
260 _aNew Delhi, India
_bGovernment of India
_c1971
300 _a61p.
942 _cTEXL
_h915.4, CHA
999 _c1366850
_d1366850